01345cam a22003854i 4500003000900000005001700009008004100026020001500067035002700082040003300109082002300142100003500165245015400200250001800354264004900372300003800421336002100459337002500480338002300505505025400528526001000782526001000792526001000802526001000812526000800822526000800830526000800838526000800846526000800854526000800862526000800870541001700878600003600895630002800931PE-LiUPU20250731173353.0150706s2009    is      r     000 0 spa d  a965333042X  a(Sirsi) i9789653330429  aPE-LiUPUbspacPE-LiUPUerda04a222.12092bC692211 aCohen Soae, Miguel A.,eautor.13aEl legado de Moshé :bobra basada en el relato bíblico del segundo libro del Pentateuco, "Éxodo", o en hebreo "Shemot" /cMiguel A. Cohen Soae.  a2a edición. 1aTel Aviv, Israel :bEditorial Aurora,c2009.  a395 páginas ;c24 centímetros  atext2rdacontent  aunmediated2rdamedia  avolume2rdacarrier0 a(Parashá) "Shemot" -- "Nombres" -- "Vaerá" - "Y Aparecí" -- "Bo" -- "Ven" -- "Beshalaj" -- "Al enviar" -- "Itró" -- "Mishapatím" - "Legislaciones" -- "Terumá" - "Ofrenda" -- "Tetzavé" - "Ordenarás" -- "Ki-Tissá" - "Cuando cuentes".  aSEG42  aSEG41  aSEG40  aSEG39  aP94  aP87  aP86  aP85  aP77  aP76  aP35  g001-0000476;1 aMoisés (Patriarca bíblico).  aBiblia.pA.T.pÉxodo.